Eastern Utah Libraries Catalog: Duchesne, Heber, Roosevelt, & Vernal

The battle of the Labyrinth / (Record no. 79280)

MARC details
000 -LEADER
fixed length control field 02277cam a2200529 a 4500
001 - CONTROL NUMBER
control field BK0007508744
003 - CONTROL NUMBER IDENTIFIER
control field DLC
005 - DATE AND TIME OF LATEST TRANSACTION
control field 20241220131230.0
008 - FIXED-LENGTH DATA ELEMENTS--GENERAL INFORMATION
fixed length control field 071203s2008 nyu c 000 1 eng
010 ## - LIBRARY OF CONGRESS CONTROL NUMBER
LC control number 2007042957
020 ## - INTERNATIONAL STANDARD BOOK NUMBER
International Standard Book Number 9781423101468 : SAL
Terms of availability $17.99
020 ## - INTERNATIONAL STANDARD BOOK NUMBER
International Standard Book Number 9781423101499 : pbk
Terms of availability $8.99
020 ## - INTERNATIONAL STANDARD BOOK NUMBER
International Standard Book Number 1423101464 : SAL
Terms of availability $17.99
037 ## - SOURCE OF ACQUISITION
Source of stock number/acquisition Disney Pr, C/O Harpercollins 1000 Keystone Industrial Park, Scranton, PA, USA, 18512-4621
Note SAN 200-2086
040 ## - CATALOGING SOURCE
Original cataloging agency DLC
Transcribing agency DLC
Modifying agency IG#
-- BTCTA
-- BAKER
-- BIB
-- UPZ
-- YDXCP
-- WIQ
-- EHH
-- B2A
-- DLC
Description conventions rda
050 00 - LIBRARY OF CONGRESS CALL NUMBER
Classification number PZ7.R4829
Item number Bat 2008
082 00 - DEWEY DECIMAL CLASSIFICATION NUMBER
Classification number [Fic]
Edition number 22
092 ## - LOCALLY ASSIGNED DEWEY CALL NUMBER (OCLC)
Classification number FIC
100 1# - MAIN ENTRY--PERSONAL NAME
Personal name Riordan, Rick.
9 (RLIN) 6225693
Relator term author
245 14 - TITLE STATEMENT
Title The battle of the Labyrinth /
Statement of responsibility, etc Rick Riordan.
246 ## - VARYING FORM OF TITLE
Remainder of title Percy Jackson and the Olympians
246 ## - VARYING FORM OF TITLE
Remainder of title Percy Jackson and the Olympians Book Four
246 ## - VARYING FORM OF TITLE
Remainder of title Percy Jackson and the Olympians Book 4
250 ## - EDITION STATEMENT
Edition statement 1st ed.
260 ## - PUBLICATION, DISTRIBUTION, ETC. (IMPRINT)
Place of publication, distribution, etc New York :
Name of publisher, distributor, etc Hyperion Books for Children,
Date of publication, distribution, etc c2008.
264 #4 - Production, Publication, Distribution, Manufacture, and Copyright Notice.
Place of production, publication, distribution, manufacture New York :
Name of producer, publisher, distributor, manufacturer Hyperion Books for Children,
Date of production, publication, distribution, manufacture, or copyr c2008.
300 ## - PHYSICAL DESCRIPTION
Extent 361 p. ;
Dimensions 22 cm.
336 ## - Content Type
Content type term text
337 ## - Media type
Media type term unmediated
338 ## - Carrier type
Carrier type term volume
440 ## - SERIES STATEMENT/ADDED ENTRY--TITLE
Title Percy Jackson and the Olympians :
Volume number/sequential designation Book 4.
9 (RLIN) 6247289
520 ## - SUMMARY, ETC.
Summary, etc When demonic cheerleaders invade his high school, Percy Jackson hurries to Camp Half Blood, from whence he and his demigod friends set out on a quest through the Labyrinth, while the war between the Olympians and the evil Titan lord Kronos draws near.
650 #0 - SUBJECT ADDED ENTRY--TOPICAL TERM
Topical term or geographic name as entry element Mythology, Greek
Form subdivision Juvenile fiction.
9 (RLIN) 5695196
650 #0 - SUBJECT ADDED ENTRY--TOPICAL TERM
Topical term or geographic name as entry element Labyrinths
Form subdivision Juvenile fiction.
9 (RLIN) 5695190
650 #0 - SUBJECT ADDED ENTRY--TOPICAL TERM
Topical term or geographic name as entry element Camps
Form subdivision Juvenile fiction.
9 (RLIN) 5681971
650 #0 - SUBJECT ADDED ENTRY--TOPICAL TERM
Topical term or geographic name as entry element Monsters
Form subdivision Juvenile fiction.
9 (RLIN) 5674163
650 #0 - SUBJECT ADDED ENTRY--TOPICAL TERM
Topical term or geographic name as entry element Animals, Mythical
Form subdivision Juvenile fiction.
9 (RLIN) 5675273
650 #0 - SUBJECT ADDED ENTRY--TOPICAL TERM
Topical term or geographic name as entry element Titans (Mythology)
Form subdivision Juvenile fiction.
9 (RLIN) 5717411
650 #0 - SUBJECT ADDED ENTRY--TOPICAL TERM
Topical term or geographic name as entry element Jackson, Percy (Fictitious character)
Form subdivision Juvenile fiction.
9 (RLIN) 5724358
650 #1 - SUBJECT ADDED ENTRY--TOPICAL TERM
Topical term or geographic name as entry element Mythology, Greek
Form subdivision Fiction.
9 (RLIN) 5674365
650 #1 - SUBJECT ADDED ENTRY--TOPICAL TERM
Topical term or geographic name as entry element Labyrinths
Form subdivision Fiction.
9 (RLIN) 5695191
650 #1 - SUBJECT ADDED ENTRY--TOPICAL TERM
Topical term or geographic name as entry element Camps
Form subdivision Fiction.
9 (RLIN) 5676994
650 #1 - SUBJECT ADDED ENTRY--TOPICAL TERM
Topical term or geographic name as entry element Monsters
Form subdivision Fiction.
9 (RLIN) 5674164
650 #1 - SUBJECT ADDED ENTRY--TOPICAL TERM
Topical term or geographic name as entry element Animals, Mythical
Form subdivision Fiction.
9 (RLIN) 5675616
650 #1 - SUBJECT ADDED ENTRY--TOPICAL TERM
Topical term or geographic name as entry element Titans (Mythology)
Form subdivision Fiction.
9 (RLIN) 5717409
942 00 - ADDED ENTRY ELEMENTS (KOHA)
Source of classification or shelving scheme Dewey Decimal Classification
Koha item type BOOK
Holdings
Withdrawn status Lost status Source of classification or shelving scheme Damaged status Not for loan Collection code Home library Current library Shelving location Date acquired Source of acquisition Serial Enumeration / chronology Total Checkouts Total Renewals Full call number Barcode Date last seen Date checked out Cost, replacement price Price effective from Koha item type
    Dewey Decimal Classification     Junior Fiction Wasatch County Library Wasatch County Library Main Floor Junior Area 05/19/2023 Amazon #4 Percy Jackson & the Olympians 16 18 J Riordan 34301002017269 03/09/2026 02/09/2026 17.99 05/19/2023 BOOK
    Dewey Decimal Classification     Junior Fiction Wasatch County Library Wasatch County Library Main Floor Junior Area 05/19/2023 Amazon #4 Percy Jackson & the Olympians 15 17 J Riordan 34301002017251 02/20/2026 12/31/2025 17.99 05/19/2023 BOOK
    Dewey Decimal Classification     Junior Fiction Wasatch County Library Wasatch County Library Main Floor Junior Area 09/12/2023 Rainbow Books #4 Percy Jackson & the Olympians 12 13 J Riordan 34301002038711 02/09/2026 02/02/2026 19.95 09/12/2023 BOOK
This project was made possible through a grant from the Institute of Museum and Library Service administered by the Utah State Library Division.

Wasatch County Library

  • 465 East 1200 South, Heber City, Utah 84032
  • Phone 435-654-1511 | Fax 435-654-6456

Hours

  • Monday - Friday 9:30 AM - 8:00 PM
  • Saturday 9:30 AM - 1:30 PM
  • Closed Sundays and Holidays